000 00567nam a2200241Ia 4500
003 OSt
005 20220918214746.0
006 a|||||r|||| 00| 0
007 ta
008 220917b |||||||| |||| 00| 0 eng d
024 _a138,874
037 _cTextual
040 _aARTS
_cARTS
_beng
041 _2eng
_aeng
082 _aY1.73, J3
100 _aGavian R W
_9132465
245 0 _aOur changing social order
250 _a4th
260 _c1953
650 _aSOCIOLOGY
942 _hY1.73, J3
_cTEXL
_2CC
999 _c261922
_d261922